Culture Générale - Série 102 - Statistiques

Statistiques générales
  • Ce quiz a été pris 725 fois
  • Le résultat moyen est 5 sur 10
Statistiques - réponses
Question Réponse % Correct
Combien y a-t-il de millions dans "mille milliards" ? 1
98%
Combien y a-t-il d'étoiles sur le drapeau européen ? 12
85%
De quel animal mange-t-on la poitrine en dégustant des rillons ? Porc
69%
Quel héros, créé par Maurice Leblanc, a été incarné par Georges Descrières ? Arsène Lupin
58%
A quel ordre de mammifères appartient le dauphin ? Cétacés
38%
Quel écrivain a créé les personnages de Rastignac, Vautrin et Rubempré ? Honoré de Balzac
38%
Dans quel pays Ségolène Royal est-elle née ? Sénégal
29%
Quelle est la profession de Ric Hochet ? Journaliste
26%
Quel film de Pedro Almodovar, sorti en 2006, réunit Pénélope Cruz et Carmen Maura ? Volver
21%
A quel humoriste doit-on "Sexe, magouilles et culture générale" ? Laurent Baffie
20%
Aucun quiz correspondant
Distribution des résultats
% des personnes avec chaque résultat
Percentile par nombre de réponses
Votre historique - résultats
Vous n’avez pas pris ce quiz